Mario Party DS Minigames - Statistics

General Stats
  • This quiz has been taken 11 times
  • The average score is 29 of 105
Answer Stats
Hint Answer % Correct
Duel | Free-for-All Camera Shy
70%
Duel | Free-for-All Goomba Wrangler
50%
1-vs-3 Rubber Ducky Rodeo
50%
Battle Short Fuse
50%
1-vs-3 Track Star
50%
Duel | Free-for-All All Geared Up
40%
Free-for-All Cheep Cheep CHance
40%
Duel Cheep Cheep Chance
40%
Battle Chips and Dips
40%
2-vs-2 Cube Crushers
40%
Free-for-All Dress for Success
40%
Duel | Free-for-All Dust Buddies
40%
1-vs-3 Fast Food Frenzy
40%
2-vs-2 | Duel Hanger Management
40%
2-vs-2 Soil Toil
40%
Duel | Free-for-All Study Fall
40%
Duel | Free-for-All Whomp-a-thon
40%
Duel | Free-for-All Big Blowout
30%
Duel | Free-for-All Boogie Beam
30%
2-vs-2 Book It!
30%
Boss Bowser's Block Party
30%
Battle Cheep Chump
30%
Duel | Free-for-All Cherry-Go-Round
30%
2-vs-2 | Duel Cucumberjacks
30%
Duel | Free-for-All Cyber Scamper
30%
Duel | Free-for-All Domino Effect
30%
2-vs-2 Double Vision
30%
Duel | Free-for-All Get the Lead Out
30%
Battle Globe Gunners
30%
Duel | Free-for-All Hedge Honcho
30%
Puzzle Mario's Puzzle Party
30%
1-vs-3 Peek-a-Boo
30%
Duel | Free-for-All Raft Riot
30%
Duel | Free-for-All Rail Riders
30%
Duel | Free-for-All Soap Surfers
30%
Duel | Free-for-All Soccer Survival
30%
Duel | Free-for-All Sweet Sleuth
30%
Duel | Free-for-All Tidal Fools
30%
2-vs-2 | Duel Toppling Terror
30%
2-vs-2 Airbrushers
20%
Puzzle Bob-omb Breakers
20%
Boss Book Bash
20%
Free-for-All Boo Tag
20%
Boss Feed and Seed
20%
1-vs-3 Gusty Blizzard
20%
Boss Hammer Chime
20%
Boss Hexoskeleton
20%
2-vs-2 Memory Mash
20%
2-vs-2 Mole Thrill
20%
1-vs-3 Nothing to Luge
20%
Free-for-All Parachutin' Gallery
20%
1-vs-3 Penny Pinchers
20%
1-vs-3 Power Washer
20%
1-vs-3 Rotisserie Rampage
20%
Duel | Free-for-All Shortcut Circuit
20%
2-vs-2 Shorty Scorers
20%
1-vs-3 Shuffleboard Showdown
20%
2-vs-2 Sprinkler Scalers
20%
Battle Star Catchers
20%
Duel | Free-for-All Trace Cadets
20%
Duel | Free-for-All Trash Landing
20%
Puzzle Triangle Twisters
20%
Duel | Free-for-All Twist and Route
20%
Puzzle Block Star
10%
Duel | Free-for-All Call of the Goomba
10%
Duel | Free-for-All Crater Crawl
10%
2-vs-2 Crazy Crosshairs
10%
1-vs-3 Flash and Dash
10%
Duel | Free-for-All Hot Shots
10%
Duel | Free-for-All Pedal Pushers
10%
Puzzle Piece Out
10%
1-vs-3 Plush Crush
10%
Puzzle Stick and Spin
10%
Duel | Free-for-All Roller Coasters
0%
No matching quizzes found
Score Distribution
Percent of People with Each Score
Percentile by Number Answered
Your Score History
You have not taken this quiz